<?xml version="1.0" encoding="UTF-8"?>
<record
    xmlns:xsi="http://www.w3.org/2001/XMLSchema-instance"
    xsi:schemaLocation="http://www.loc.gov/MARC21/slim http://www.loc.gov/standards/marcxml/schema/MARC21slim.xsd"
    xmlns="http://www.loc.gov/MARC21/slim">

  <leader>01293nam a2200229 a 4500</leader>
  <controlfield tag="005">20240828112705.0</controlfield>
  <controlfield tag="008">2     s2005||||ag a   g |||| 001 0 spa d</controlfield>
  <datafield tag="020" ind1=" " ind2=" ">
    <subfield code="a">9502512413</subfield>
  </datafield>
  <datafield tag="041" ind1=" " ind2=" ">
    <subfield code="a">spa</subfield>
  </datafield>
  <datafield tag="092" ind1=" " ind2=" ">
    <subfield code="c">323.4</subfield>
    <subfield code="l">47</subfield>
    <subfield code="s">LAB</subfield>
  </datafield>
  <datafield tag="100" ind1="1" ind2=" ">
    <subfield code="a">Labrune, Noemi</subfield>
    <subfield code="9">1214</subfield>
  </datafield>
  <datafield tag="245" ind1=" " ind2=" ">
    <subfield code="a">Buscados.</subfield>
    <subfield code="b">Represores del Alto Valle y Neuqu&#xE9;n /</subfield>
    <subfield code="c">Noemi Labrune</subfield>
  </datafield>
  <datafield tag="250" ind1=" " ind2=" ">
    <subfield code="a">2a ed.</subfield>
  </datafield>
  <datafield tag="260" ind1=" " ind2=" ">
    <subfield code="a">Neuquen: </subfield>
    <subfield code="b">EDUCO;</subfield>
    <subfield code="c">2005.</subfield>
  </datafield>
  <datafield tag="300" ind1=" " ind2=" ">
    <subfield code="a">204 p.</subfield>
    <subfield code="b">il.</subfield>
  </datafield>
  <datafield tag="500" ind1=" " ind2=" ">
    <subfield code="a">Labrune, N. (2005). Buscados. Represores del Alto Valle y Neuqu&#xE9;n. (2a ed.). Neuqu&#xE9;n : EDUCO.</subfield>
  </datafield>
  <datafield tag="505" ind1=" " ind2=" ">
    <subfield code="a">Buscados es la cr&#xF3;nica de una b&#xFA;squeda: Juicio y Castigo a los "desaparecedores" de la Subzona 5.2, nombre impuesto ala regi&#xF3;n del Comahue, en los a&#xF1;os 1976 a 1983, por la Dictadura Militar. Sus protagonistas brindaron declaraci&#xF3;n testimonial ante la justicia. C&#xED;nicos y falaces los de uniformes, Corajudos y veraces los otros. La autora ha asumido esta responsabilidad, con un estilo donde la palabra es instrumento para develar la trama profunda de la represi&#xF3;n. Donde el dolor se transforma en bronca. Y la impotencia en movilizaci&#xF3;n. Buscaos es un acto m&#xE1;s de esta movilizaci&#xF3;n ciudadana. </subfield>
  </datafield>
  <datafield tag="590" ind1=" " ind2=" ">
    <subfield code="a">Proyecto 4tolibro, donacion EDUCO,septiembre 2017.</subfield>
  </datafield>
  <datafield tag="653" ind1=" " ind2=" ">
    <subfield code="a">Educacion</subfield>
  </datafield>
  <datafield tag="930" ind1=" " ind2=" ">
    <subfield code="a">3922</subfield>
  </datafield>
  <datafield tag="942" ind1=" " ind2=" ">
    <subfield code="2">ddc</subfield>
    <subfield code="c">BK</subfield>
  </datafield>
  <datafield tag="999" ind1=" " ind2=" ">
    <subfield code="c">2463</subfield>
    <subfield code="d">2463</subfield>
  </datafield>
  <datafield tag="952" ind1=" " ind2=" ">
    <subfield code="0">0</subfield>
    <subfield code="1">0</subfield>
    <subfield code="2">ddc</subfield>
    <subfield code="4">0</subfield>
    <subfield code="7">0</subfield>
    <subfield code="8">NFIC</subfield>
    <subfield code="a">BFM</subfield>
    <subfield code="b">BFM</subfield>
    <subfield code="c">CR</subfield>
    <subfield code="d">2017-09-20</subfield>
    <subfield code="l">0</subfield>
    <subfield code="o">340.4 47 LAB</subfield>
    <subfield code="p">3922</subfield>
    <subfield code="r">2017-09-20</subfield>
    <subfield code="t">EJ.1</subfield>
    <subfield code="w">2017-09-20</subfield>
    <subfield code="y">BK</subfield>
    <subfield code="z">Proyecto 4tolibro, donacion EDUCO septiembre 2017.</subfield>
  </datafield>
</record>
